000 00676cam a22002413a 4500
001 23859
003 PGUSA
005 20140828083517.0
008 071214s2007||||xxu|||||s|||||000 1 eng d
040 _aPGUSA
_beng
042 _adc
050 4 _aPS
100 1 _aFuller, Anna,
_d1853-1916
245 1 2 _aA Venetian June
_h[electronic resource] /
_cAnna Fuller
260 _bProject Gutenberg,
_c2007
506 _aPublic domain in the USA.
516 _aElectronic text
653 _aVenice (Italy) -- Fiction
700 1 _aCoburn, Frederick Simpson,
_d1871-1960
830 0 _aProject Gutenberg
_v23859
856 4 0 _uhttp://www.gutenberg.org/ebooks/23859
942 _cEB
999 _c253114
_d253114